Logo

OPEN PUBLIC ACCESS CATALOGUE

Proof in Mathematics: An Introduction (Record no. 5)

MARC details
000 -LEADER
fixed length control field 00306nam a2200145Ia 4500
005 - DATE AND TIME OF LATEST TRANSACTION
control field 20260513122049.0
020 ## - INTERNATIONAL STANDARD BOOK NUMBER
International Standard Book Number 9780646545097
100 ## - MAIN ENTRY--PERSONAL NAME
Personal name Franklin
245 ## - TITLE STATEMENT
Title Proof in Mathematics: An Introduction
260 ## - PUBLICATION, DISTRIBUTION, ETC.
Name of publisher, distributor, etc. Kew Books
365 ## - TRADE PRICE
Currency code Rs.
365 ## - TRADE PRICE
Price amount 10.00
942 ## - ADDED ENTRY ELEMENTS (KOHA)
Koha item type Book
Holdings
Withdrawn status Lost status Damaged status Not for loan Home library Current library Date acquired Cost, normal purchase price Inventory number Total checkouts Barcode Date last seen Cost, replacement price Price effective from Koha item type
        University of New South Wales University of New South Wales 05/08/2026 1440.00 16696   000145 05/13/2026 1440.00 05/13/2026 Book